000 01324cam a22003134a 4500
001 0000004437
005 20170406115826.0
008 071126s2007 it a bc 000 0 eng d
010 _a 2007457164
020 _a9788836609710 :
_c28.00 EUR
035 _a(ItFiC)it 07284438
040 _aItFiC
_cItFiC
_dDLC
042 _acopycat=LC copy cataloging
050 0 0 _aND623.R6
_bA4 2007
245 0 4 _aThe agony and the ecstasy :
_bGuido Reni's Saint Sebastians /
_cedited by Piero Boccardo, Xavier F. Salomon.
260 _aCinisello Balsamo, Milano :
_bSilvana,
_cc2007.
300 _a127 p. :
_bill. (some col.) ;
_c24 cm.
500 _aCatalog of an itinerant exhibition held at the Musei di Strada nuova, Genoa, Italy, Oct. 2007-Jan. 2008, and at the Dulwich Picture Gallery, London, England, Feb. 5-May 11, 2008.
504 _aIncludes bibliographical references (p. 122-127).
600 1 0 _aReni, Guido,
_d1575-1642
_vExhibitions.
600 0 0 _aSebastian,
_cSaint
_vArt
_vExhibitions.
700 1 _aBoccardo, Piero.
700 1 _aSalomon, Xavier F.,
_d1979-.
700 1 _aReni, Guido,
_d1575-1642.
710 2 _aMusei di Strada nuova (Genoa, Italy)
710 2 _aDulwich Picture Gallery.
856 4 1 _3Table of contents
_uhttp://www.loc.gov/catdir/toc/casalini07/07284438.pdf
908 _a140918
999 _c4265
_d4265